000 00447nam a2200169Ia 4500
003 GCL
008 140319s9999 xx 000 0 eng d
040 _aGCL /
_cGCL
082 0 4 _a301.29
_bF G
100 1 _aFILDING, GORDON
245 1 0 _aGEOGRAPHY AS SOCIAL SCIENCE /
_cFILDING, GORDON
260 _a[S.N] :
_bHARPERA ROW,PUBLISHERS ،
_c1974
300 _a336
650 0 4 _aSOCIAL ASPECTS
650 0 4 _aANTHROPO - GEOGRAPHY
942 _2ddc
_cBK
999 _c13245
_d13245